| 000 | nam a22 a 4500 | ||
|---|---|---|---|
| 999 |
_c2857 _d2857 |
||
| 005 | 20170518141645.0 | ||
| 008 | 170518s2004 be ||||| |||| 00| 0 eng d | ||
| 040 | _aAKMAL | ||
| 082 | _a681.753 WCO | ||
| 090 |
_a681.753 _bWCO |
||
| 245 | 1 | 0 |
_a(Customs Compendium) Container Scanning Equipment : _bGuidelines To Members On Administrative Considerations Of Purchase and Operation / _cWorld Customs Organization. |
| 260 |
_aBrussels ; _bWorld Customs Organization, _c2004. |
||
| 300 |
_a32pages _c29cm |
||
| 500 | _aPart 1 D/2004/0448/3 | ||
| 650 | 1 | 0 |
_aCustoms administration _xPurchase and Operation _96026 |
| 650 | 1 | 0 |
_aCustoms administration _xLaw and legislation _96000 |
| 710 | 1 | 0 |
_aWorld Customs Organization _95917 |
| 942 |
_2ddc _cBOOK |
||
| 950 | _lAKMAL | ||